F1 Driver Most Consecutive Wins - Statistics

General Stats
  • This quiz has been taken 8 times
  • The average score is 11 of 14
Answer Stats
Wins Season Country Driver % Correct
10 2023 Netherlands Max Verstappen
100%
9 2023-2024 Netherlands Max Verstappen
100%
5 2022 Netherlands Max Verstappen
100%
5 2014 UK Lewis Hamilton
83%
5 2020 UK Lewis Hamilton
83%
7 2004 Germany Michael Schumacher
83%
6 2000-2001 Germany Michael Schumacher
83%
5 2004 Germany Michael Schumacher
83%
7 2015-2016 Germany Nico Rosberg
83%
9 2013 Germany Sebastian Vettel
83%
7 1952-1953 Italy Alberto Ascari
67%
5 1965 UK Jim Clark
67%
5 1992 UK Nigel Mansell
67%
5 1960 Australia Jack Brabham
50%
No matching quizzes found
Score Distribution
Percent of People with Each Score
Percentile by Number Answered
Your Score History
You have not taken this quiz